000 00545nam a2200193Ia 4500
003 GCL
008 140319s9999 xx 000 0 eng d
040 _aGCL /
_cGCL
082 0 4 _a780.92
_bS P
100 1 _aSTOWELL, ROBIN
245 1 0 _aPERFORMING BEETHOVEN /
_cSTOWELL, ROBIN
260 _a[S.N] :
_bCAMBRIBGE UNIVERSITY PRESS ،
_c1994
300 _a246
650 0 4 _aنايل سات
650 0 4 _aCRITICISM AND INTER PRETATION
650 0 4 _aBEETHOVEN, LUDWING VAN
650 0 4 _aPERFORMANCE PRACTICE MUSIC 18 CENTURY
942 _2ddc
_cBK
999 _c24439
_d24439